Statistics for Geographic entities by land area given #2

Click here to take the quiz!

General Stats

  • This quiz has been taken 24 times
  • The average score is 7 of 16

Answer Stats

AreaHintGeographic entity% Correct
29,797,500Political UnionAfrican Union
95%
7,595,342LandmassMainland Australia
91%
30,221,532ContinentAfrica
86%
9,984,670CountryCanada
77%
9,008,458ContinentOceania
64%
5,200,000Former empireOttoman Empire
64%
84,211,532LandmassAfro-Eurasia
59%
2,724,900CountryKazakhstan
36%
2,500,000Body of waterMediterranean Sea
32%
2,149,690CountrySaudi Arabia
27%
2,505,813Former countryFormer Sudan
23%
3,189,612Geographic regionArabian Peninsula
18%
14,700,000Former empireQing Empire
14%
2,525,500SubdivisonWestern Australia
14%
2,000,000Former empireInca Empire
9%
18,826,128SubregionEastern Europe (including Russia)
5%

Score Distribution

Percentile by Number Answered

Percent of People with Each Score

Your Score History

You have not taken this quiz